000 00443nam a2200181Ia 4500
001 16148
005 20260306170248.0
008 260306t2009||||xx |||||||||||||| ||und||
041 _aESP
082 _a347
_bH94 T. 9
100 _aHundskopf Exebio, Oswaldo
_eAUT
245 0 _aDerecho comercial:
_btemas societarios
260 _c2009
300 _a359 páginas :
_c24 cm.
650 _aGEN
654 _aCAN
942 _cLIB
_dJUS
_fJUS
_2ddc
_n
999 _c16148
_d16148